000 00459nam a2200133 4500
999 _c13990
_d13990
008 190724b ||||| |||| 00| 0 eng d
082 _aDPer 050 T48 Apr-June 2016 v. 187 n. 12-24
100 _aTendulkar, Sachin.
_938935
245 _aSania Mirza:
_ban inspiration on the court/
_cSachin Tendulkar.
260 _aHong Kong:
_bTime Asia,
_cc2016.
300 _av187 n16-17, page 71:
_billustrations;
_c27 cm.
650 _aAthlete.
_938936
942 _2ddc
_cPER